Travail et méthodes du documentaliste (Registro nro. 102265)
[ vista simple ]
| 000 -CABECERA | |
|---|---|
| campo de control de longitud fija | 00880nam a2200277 i 4500 |
| 001 - NÚMERO DE CONTROL | |
| campo de control | 102265 |
| 003 - IDENTIFICADOR DEL NÚMERO DE CONTROL | |
| campo de control | ES-MaBCM |
| 005 - FECHA Y HORA DE LA ÚLTIMA TRANSACCIÓN | |
| campo de control | 20241016135723.0 |
| 008 - CÓDIGOS DE INFORMACIÓN DE LONGITUD FIJA | |
| campo de control de longitud fija | 041110s1980 fra 000 0 fre d |
| 021 ## - | |
| -- | xx |
| 035 ## - NÚMERO DE CONTROL DEL SISTEMA | |
| Número de control de sistema | (OCoLC)1365265752 |
| 035 ## - NÚMERO DE CONTROL DEL SISTEMA | |
| Número de control de sistema | (OCoLC)1365161206 |
| 040 ## - FUENTE DE LA CATALOGACIÓN | |
| Centro transcriptor | ES-MaBCM |
| 041 0# - CÓDIGO DE LENGUA | |
| Código de lengua del texto/banda sonora o título independiente | fre |
| 043 ## - CÓDIGO DE ÁREA GEOGRÁFICA | |
| Código de área geográfica | fra |
| 100 1# - PUNTO DE ACCESO PRINCIPAL - NOMBRE DE PERSONA | |
| Nombre de persona | Chaumier, Jacques |
| 9 (RLIN) | 9565 |
| 245 10 - MENCIÓN DE TÍTULO | |
| Título | Travail et méthodes du documentaliste |
| Mención de responsabilidad etc. | Jacques Chaumier |
| 260 ## - PUBLICACIÓN, DISTRIBUCIÓN, ETC. (PIE DE IMPRENTA) | |
| Lugar de publicación distribución etc. | Paris : |
| Nombre del editor distribuidor etc. | Entreprise Moderne d'Édition et Librairies Techniques, |
| Fecha de publicación distribución etc. | 1980 |
| 300 ## - DESCRIPCIÓN FÍSICA | |
| Extensión | 1 v. |
| Dimensiones | 24 cm |
| 440 #0 - MENCIÓN DE SERIE/PUNTO DE ACCESO ADICIONAL--TÍTULO | |
| Título | Formation permanente en science humaines |
| RLIN | 104001 |
| 500 ## - NOTA GENERAL | |
| Nota general | Dos obras en el mismo volumen |
| 505 2# - NOTA DE CONTENIDO CON FORMATO | |
| Nota de contenido con formato | [I]. Applications pratiques. - 49 p. - ISBN 2-7101-0289-7 |
| 505 0# - NOTA DE CONTENIDO CON FORMATO | |
| Nota de contenido con formato | [II]. Connaissance du problema. - 83 p. - ISBN 2-7111-0247-5 |
| 650 #7 - PUNTO DE ACCESO ADICIONAL DE MATERIA--TÉRMINO DE MATERIA | |
| Término de materia o nombre geográfico como elemento inicial | Documentalista |
| 9 (RLIN) | 58435 |
| 942 ## - ELEMENTOS DE PUNTO DE ACCESO ADICIONAL (KOHA) | |
| Tipo de ítem Koha | Libros |
| Estado de retiro | Estado de pérdida | Fuente del sistema de clasificación o colocación | Estado dañado | No para préstamo | Localización permanente | Ubicación/localización actual | Ubicación en estantería | Fecha de adquisición | Fuente de adquisición | Número de inventario | Número de registro | Signatura topográfica completa | Código de barras | Precio válido a partir de | Tipo de ítem Koha |
|---|---|---|---|---|---|---|---|---|---|---|---|---|---|---|---|
| Biblioteca Central del Ministerio de la Presidencia | Biblioteca Central del Ministerio de la Presidencia | Sala | 10/11/2004 | Compra | 23899 | 23899 | 18180 | 1044520 | 10/11/2004 | Libros | |||||
| Biblioteca Central del Ministerio de la Presidencia | Biblioteca Central del Ministerio de la Presidencia | Sala | 10/11/2004 | Compra | 18.180-A | 2028729 | 10/11/2004 | Libros |
